Normal view MARC view
  • Photovoltaic cells

Entry Topical Term

Number of records used in: 3

001 - CONTROL NUMBER

  • control field: 3487

003 - CONTROL NUMBER IDENTIFIER

  • control field: NUST

005 - DATE AND TIME OF LATEST TRANSACTION

  • control field: 20170719181517.0

008 - FIXED-LENGTH DATA ELEMENTS

  • fixed length control field: 170719|| aca||aabn | a|a d

040 ## - CATALOGING SOURCE

  • Original cataloging agency: NUST
  • Transcribing agency: NUST

150 ## - HEADING--TOPICAL TERM

  • Topical term or geographic name entry element: Photovoltaic cells
  • Form subdivision: Handbooks, manuals, etc.

670 ## - SOURCE DATA FOUND

  • Source citation: Work cat.: (NUST)0: Handbook of photovoltaic science and engineering /, c2003.
© 2023 Central Library, National University of Sciences and Technology. All Rights Reserved.